000 00570nam a22001937a 4500
005 20241010153414.0
010 _aENG-142088
020 _a9789393247025
_c695.00
035 _aEN-125620
037 _bDBAD
082 _a025.00285
100 _aSiddu Kumar
_972595
245 _aDigital Library/
_cSiddu Kumar
250 _aFirst
260 _aDelhi
_bAnkur Book Distributors
_c2022
270 _a526, Street No. 5 Vijay Park , Maujpur
_bDelhi
_e110053
_k9810154460
_k9800797637
300 _a208p.
_c22cm(hbk)
942 _2ddc
_cEN
_h025.00285
_mSID
999 _c206265
_d206265